ՀՀ Գիտությունների ազգային ակադեմիայի հիմնարար գիտական գրադարան  =   Fundamental Scientific Library of NAS RA

93-ամյա կենսագրական էջեր / (Record no. 539106)

MARC details
000 -LEADER
fixed length control field 01168nam a2200241 a 4500
003 - CONTROL NUMBER IDENTIFIER
control field AM-YEHGA
005 - DATE AND TIME OF LATEST TRANSACTION
control field 20260123115042.0
008 - FIXED-LENGTH DATA ELEMENTS--GENERAL INFORMATION
fixed length control field 230530s2023 ai oac|gr|||||00||0|arm|d
040 ## - CATALOGING SOURCE
Original cataloging agency AM-YEHGA
041 0# - LANGUAGE CODE
Language code of text/sound track or separate title arm
001 - CONTROL NUMBER
control field 1905693
100 1# - MAIN ENTRY--PERSONAL NAME
Personal name Ղարիբյան, Գրիգոր Ալեքսանդրի,
Dates associated with a name 1930-
245 10 - TITLE STATEMENT
Title 93-ամյա կենսագրական էջեր /
Statement of responsibility, etc. Գ.Ա. Ղարիբյան ; Խմբագիր՝ Ս. Պ. Մուրադյան ; ԵՊՀ.
260 ## - PUBLICATION, DISTRIBUTION, ETC.
Place of publication, distribution, etc. Երևան :
Name of publisher, distributor, etc. Հեղ․ հրատ.,
Date of publication, distribution, etc. 2023.
300 ## - PHYSICAL DESCRIPTION
Extent 208 էջ :
Other physical details նկ․, լուսանկ․ ;
Dimensions 20 սմ.
504 ## - BIBLIOGRAPHY, ETC. NOTE
Bibliography, etc. note Տողատակում՝ մատենագիտական ծանոթագրություններ։
600 14 - SUBJECT ADDED ENTRY--PERSONAL NAME
Personal name Ղարիբյան, Գրիգոր Ալեքսանդրի,
Dates associated with a name 1930-
Titles and other words associated with a name տնտեսագետ
General subdivision Հուշեր
Form subdivision Ինքնակենսագրություն
650 14 - SUBJECT ADDED ENTRY--TOPICAL TERM
Topical term or geographic name entry element Հայ անվանի տնտեսագետներ
650 14 - SUBJECT ADDED ENTRY--TOPICAL TERM
Topical term or geographic name entry element Հայտնի մարդիկ
Form subdivision Կենսագրություններ
Geographic subdivision ՀՀ, Սյունիքի մարզ
700 1# - ADDED ENTRY--PERSONAL NAME
Personal name Մուրադյան, Սամվել Պարգևի
Relator term խմբ.
Relationship edt
9 (RLIN) 2729
710 2# - ADDED ENTRY--CORPORATE NAME
Corporate name or jurisdiction name as entry element Երևանի պետական համալսարան
942 ## - ADDED ENTRY ELEMENTS (KOHA)
Source of classification or shelving scheme Universal Decimal Classification
Koha item type Գրքեր / Books
Holdings
Withdrawn status Lost status Source of classification or shelving scheme Damaged status Not for loan Collection Home library Current library Date acquired Total checkouts Full call number Barcode Date last seen Price effective from Koha item type Public note
    Universal Decimal Classification     General Fundamental Scientific Library Fundamental Scientific Library 05/11/2025   AII/113678 FL0699747 05/11/2025 05/12/2025 Գրքեր / Books 30 Days Loan


ՀՀ ԳԱԱ հիմնարար գիտական գրադարան
ՀՀ,Երևան 0019
Մարշալ Բաղրամյան 24/6
հեռախոս:(374-10) 52-47-50
Հետադարձ կապ

All site content, except where otherwise noted, is licensed under a
Creative Commons License